000 00522nam a2200193Ia 4500
008 220531s9999 xx 000 0 und d
041 _aeng
082 _a547
_bORG / FIN
100 _aFinar, I. L.
_973942
245 _aOrganic Chemistry, Volume-1: The Fundamental Principles
250 _a6th
260 _aNew Delhi
_bPearson
_c2014
300 _a965
542 _d16-03-2017
551 _aScience
_bNon-grant-SCI
650 _aOrganic Chemistry
_973943
906 _d2016-2017
_f10631
999 _c41200
_d41200